Podnikové obligace
Podnikové obligácie ako alternatívny zdroj financovania rozvoja podniku. Informácie o hlavných typoch obligácií, ich výhody, nevýhody. Obligácie istené, neistené, garantované, konvertibilné. Obligácie typu call option a put option. Optimálna úroková sadzba. Výška úrokov a ďalšie podmienky emisie obl...
Salvato in:
| Autore principale: | |
|---|---|
| Natura: | Capitolo di libro |
| Lingua: | ceco |
| Soggetti: | |
| Tags: |
Nessun Tag, puoi essere il primo ad aggiungerne!!
|
MARC
| LEADER | 00000naa a2200000 4500 | ||
|---|---|---|---|
| 001 | r022952 | ||
| 005 | 20230922083639.5 | ||
| 041 | 0 | |a cze | |
| 044 | |a CZ | ||
| 245 | 1 | 0 | |a Podnikové obligace |c J. Smrčka |
| 520 | |a Podnikové obligácie ako alternatívny zdroj financovania rozvoja podniku. Informácie o hlavných typoch obligácií, ich výhody, nevýhody. Obligácie istené, neistené, garantované, konvertibilné. Obligácie typu call option a put option. Optimálna úroková sadzba. Výška úrokov a ďalšie podmienky emisie obligácií. Náklady na obligácie. Osvedčený model, ktorý používajú niektoré zahraničné podniky na dosiahnutie a udržovanie optimálnej skladby pasív. | ||
| 610 | 2 | 0 | |a obligácie |
| 610 | 2 | 0 | |a podnik |
| 610 | 2 | 0 | |a emisia |
| 610 | 2 | 0 | |a financovanie podnikov |
| 610 | 2 | 0 | |a zdroje finančné |
| 610 | 2 | 0 | |a portfólio |
| 610 | 2 | 0 | |a sadzby úrokové |
| 100 | 1 | |a Smrčka, J. | |